Statistiken für Fachgruppen der stuvus

Klicken Sie hier um das Quiz zu spielen!

Allgemein

  • Dieses Quiz wurde 113 mal gespielt
  • Das Durchschnittsergebnis liegt bei 23 aus 32

Antwortstatistiken

#Fachgruppe% Korrekt
6Chemie
98%
24Physik
98%
3Bauingenieurwesen
95%
12Informatik
95%
7Elektrotechnik und Informationstechnik
93%
21Mathematik
93%
9Germanistik
91%
2Architektur und Stadtplanung
88%
17Luft- und Raumfahrttechnik
88%
1Anglistik, Amerikanistik und Digital Humanities
84%
30Umweltschutztechnik
84%
10Geschichte und Geschichte der Naturwissenschaft und Technik
80%
15Lehramt
79%
28Sportwissenschaft
79%
26Simulation Technology
77%
29Technische Biologie
70%
32Wirtschaftsinformatik
66%
19Maschinenbau und Co.
64%
31Verkehrsingenieurwesen
64%
14Kunstgeschichte
63%
23Philosophie
63%
8Geodäsie
59%
25Romanistik
57%
16Linguistik
55%
27Sozialwissenschaften
55%
20Materialwissenschaft
54%
5BWL technisch orientiert
52%
18Maschinelle Sprachverarbeitung und Computerlinguistik
50%
22Naturwissenschaft und Technik
50%
11Immobilientechnik und Immobilienwirtschaft
41%
13Information Technology
41%
4Berufs- und Technikpädagogik
39%

Verteilung der Resultate

Perzentil nach korrekt beantworteten Fragen

Anzahl Personen mit jedem Resultat

Ihre Resultats-Entwicklung

Sie haben dieses Quiz noch nicht gespielt